00470nam a22001697a 450000500170000001000150001702000260003203500130005803700130007108200110008410000190009524500670011426000380018127000420021930000200026150000190028120140421150144.0 aENG-109314 a9789350450406c400.00 aEN-92847 bDBAD/PUB a954.88 aGupta, Protiva aGreen islands of the Andamans and Nicobars /cby Protiva Gupta aKolkata bWriters Workshop c2013 a162/92 Lake GardensbKolkata e700045 a287p.c22cm(Hb) aIncludes index